Statistics for Zambia First Level Subdivisions

Click here to take the quiz!

General Stats

  • This quiz has been taken 32 times
  • The average score is 7 of 10

Answer Stats

Provinces% Correct
Lusaka
100%
Central
78%
Eastern
78%
Northern
78%
Southern
78%
Western
78%
Copperbelt
67%
Luapula
56%
Muchinga
56%
North-Western
56%

Score Distribution

Percentile by Number Answered

Percent of People with Each Score

Your Score History

You have not taken this quiz